| 000 | 01231cam a22003014a 4500 | ||
|---|---|---|---|
| 999 |
_c58745 _d58745 |
||
| 001 | 12227024 | ||
| 005 | 20220713134552.0 | ||
| 008 | 001109s2002 enka b 001 0 eng | ||
| 010 | _a 00065166 | ||
| 020 | _a052179160X (hbk.) | ||
| 020 | _a9780521795401 | ||
| 040 |
_aDLC _cDLC _dDLC |
||
| 042 | _apcc | ||
| 050 | 0 | 0 |
_aQA612 _b.H42 2002 |
| 080 | _a515.1+512 H-36 | ||
| 100 | 1 |
_aHatcher, Allen. _914383 |
|
| 245 | 1 | 0 |
_aAlgebraic topology / _cAllen Hatcher. |
| 260 |
_aCambridge ; _aNew York : _bCambridge University Press, _c2001. |
||
| 300 |
_axii, 544 p. : _bill. ; _c26 cm. |
||
| 504 | _aIncludes bibliographical references (p. [533]-538) and index. | ||
| 650 | 0 |
_aAlgebraic topology. _914325 |
|
| 650 | 0 |
_aალგებრული ტოპოლოგია _914351 |
|
| 856 | 4 | 2 |
_3Publisher description _uhttp://www.loc.gov/catdir/description/cam021/00065166.html |
| 856 | 4 | 1 |
_3Table of contents _uhttp://www.loc.gov/catdir/toc/cam022/00065166.html |
| 906 |
_a7 _bcbc _corignew _d1 _eocip _f20 _gy-gencatlg |
||
| 942 |
_2udc _cBK |
||
| 955 |
_ato ASCD pc22 11-09-00; jp20 11-09-00 to subj; jp99 tp SL 11-13-00;jp10 ; to Dewey 11-21-00; aa07 11-22-00 _aps15 2002-01-22 bk rec'd, to CIP ver. _ajp10 to BCCD 04-01-2002 |
||